000 01183cam a2200337 a 4500
001 662139
003 ARRUPE
005 20140925163738.0
008 940715s1983 sz b 000 0 eng d
010 _a 94184098
020 _a2825407585
035 _a(OCoLC)9862392
040 _aIaDuT
_cIaDuT
_dPPStCh
_dDLC
042 _alccopycat
050 0 0 _aBX9.5.S2
_bE26 1983
082 0 0 _a234/.16
_220
100 _aThurian, Max.
_911769
245 0 0 _aEcumenical perspectives on Baptism, eucharist, and ministry /
_cedited by Max Thurian.
260 _aGeneva :
_bWorld Council of Churches,
_cc1983.
300 _axviii, 246 p. ;
_c22 cm.
440 0 _aFaith and order paper ;
_vno. 116
_911770
504 _aIncludes bibliographical references.
630 0 0 _aBaptism, Eucharist, and ministry.
_911771
650 0 _aBaptism and Christian union.
_911772
650 0 _aSacraments and Christian union.
_911773
700 1 _aThurian, Max.
_911774
710 2 _aWorld Council of Churches.
_bCommission on Faith and Order.
_911775
906 _a7
_bcbc
_ccopycat
_d3
_encip
_f19
_gy-gencatlg
942 _2lcc
_cMONOGRAPH
999 _c120990
_d120990